000 00521nam a2200181 i 4500
001 63573
003 ES-MaACL
005 20230906164919.0
007 t|
008 031211s1967 sp ||||1| spa d
100 1 _aFerriere, André.
_950577
245 1 3 _aEl espíritu y la carne /
_cAndré Ferriere ; [versión, José Mas Godayol].
250 _a2ª ed.
260 _aBarcelona :
_bNova Terra,
_c[1967]
300 _a238 p. ;
_c16 cm.
700 1 _aMas Godayol, José.
_978634
852 _aES-MaACL
_jF-10142
_bR.64660
999 _c63573
_d63573